[Event "Interzonal-16"]
[Site "Biel"]
[Date "1993.??.??"]
[Round "10"]
[White "Wolff, Patrick G"]
[Black "Dreev, Alexey"]
[Result "0-1"]
[WhiteElo "2585"]
[BlackElo "2570"]
[Annotator "Wolff,P"]
[PlyCount "86"]
[EventDate "1993.07.16"]
[EventType "swiss"]
[EventRounds "13"]
[EventCountry "SUI"]
[SourceTitle "CBM 037"]
[Source "ChessBase"]
[SourceDate "1993.12.01"]
[SourceVersion "1"]
[SourceVersionDate "1993.12.01"]
[SourceQuality "1"]

1. e4 {Ambroz} e6 2. d4 d5 3. exd5 {Ever since Garry Kasparov, that
quinticential positional player, adopted this into his repertoire, people have
been playing it to win!} exd5 4. c4 (4. Bd3 c5 (4... Nf6 5. h3 $6 {It's hard
to believe that such a move can be best here!} c5 6. c3 Nc6 7. Nf3 c4 $5 8. Bc2
Bd6 9. O-O Be6 10. Ng5 $5 Bd7 11. f4 O-O 12. Nf3 Ne7 13. Ne5 Bf5 $10 {Barua,
D-Gulko,B Biel izt (7) 1993}) 5. dxc5 Bxc5 6. Nf3 Qe7+ 7. Qe2 Nc6 8. c3 Bg4 9.
Nbd2 Qxe2+ 10. Bxe2 Nf6 11. Nb3 Bb6 12. Bg5 Ne4 $10 {Barua,D-Korchnoi,V Biel
izt (13)}) (4. Nf3 Nf6 5. Bd3 Bd6 6. O-O O-O 7. Bg5 Bg4 8. c3 Nbd7 9. Nbd2 c5
10. Qc2 h6 11. dxc5 Nxc5 12. Bh4 $14 {Gurevich,D-Ivanchuk,V Biel izt (4) 1993.
White has just a little bit of an advantage, although Black should be fine. In
the game, White tried to win an equal position all the way to K+P!}) 4... Nf6
5. Nc3 Be7 6. Bd3 dxc4 (6... Nc6 $5 {Ambroz} 7. cxd5 Nxd5 8. Nge2 O-O 9. O-O
Bg4 10. h3 Bxe2 11. Nxe2 Bf6 $10 {Wolf-Heyken, BRD 1988}) 7. Bxc4 O-O (7...
Nbd7 {Ambroz} 8. Nf3 Nb6 9. Bb3 O-O 10. O-O (10. Qd3 $6 Nbd5 11. O-O Nb4 12.
Qd2 Bf5 $36 {Hellborg-Lindgren, Rilton Cup 1988}) 10... Nbd5 $10) 8. Nge2 $5
Nbd7 9. O-O Nb6 10. Bb3 c6 11. Re1 Bf5 $6 (11... Bg4 $5 {Ambroz}) 12. Ng3 $1
Bg6 13. f4 $1 (13. h4 {Ambroz} h6 (13... Bd6 14. h5 Nxh5 (14... Bxg3 15. hxg6
Bd6 16. gxf7+) 15. Nxh5 Qh4 16. Ng3 Bxg3 17. fxg3 Qxg3 18. Be3 Rfe8 19. Bf2 $16
) (13... h5 14. Bg5 Re8 (14... Qd7 15. Bc2 $5) 15. Bxf6 $143 (15. Bc2 $5 Bxc2
16. Qxc2 Qxd4 17. Nxh5 (17. Nf5 Qd7 (17... Qc5 $2 18. Be3 Qb4 19. a3 Qc4 20.
Bxb6) 18. Nxe7+ (18. Rad1 Bd8 $1 $8 (18... Qc7 19. Nb5) 19. Rxd7 Rxe1+ 20. Kh2
Nbxd7 $13) 18... Rxe7 19. Bxf6 gxf6 20. Rxe7 Qxe7 21. Rd1 $44 Rd8 $140 22.
Rxd8+ Qxd8 23. Qe2) 17... Nxh5 18. Bxe7 Nf6 19. g3 $14) 15... Bxf6 16. Rxe8+
Qxe8 17. Nxh5 Bxh5 18. Qxh5 Bxd4 $10) 14. h5 Bh7 15. Bf4 Re8 16. Be5 $36 {
/\ Qf3}) 13... Bd6 14. Rf1 (14. Qf3 $2 Qd7 15. Rf1 (15. f5 Bxg3) 15... Bf5) (
14. f5 {Ambroz} Bxg3 15. fxg6 Bxe1 $17) 14... Qc7 (14... Re8 {Ambroz} 15. f5 {
><f7}) 15. Kh1 $16 (15. f5 {Ambroz} Bxg3 16. hxg3 (16. fxg6 Bxh2+ 17. Kh1 hxg6
$17) 16... Bh5 17. Qd3 Rfe8 $13) 15... h6 16. f5 Bh7 17. Nge4 (17. Nh5 $5) (17.
Nce2 {Ambroz} Nbd5 $1) (17. Nh5 {Ambroz} Nbd7 $1) 17... Be7 (17... Nbd5 {Ambroz
} 18. Nxd5 Nxd5 19. Qg4 $40) 18. Qf3 (18. Bf4 $5 {Ambroz} Qd7 19. Be5 Nxe4 20.
Nxe4 Bxf5 21. Qh5 Be6 (21... Bxe4 22. Rxf7 $1) 22. Ng3 $5 $40) 18... Qd8 (18...
Rad8 {Ambroz} 19. Bf4 Qc8 20. Be5 Nbd7 21. Nd6 Bxd6 22. Bxd6 Rfe8 23. Rac1 $5
$16) 19. Be3 Nxe4 20. Nxe4 Nd5 21. Rad1 $6 Kh8 $2 (21... Bxf5 $1 {White's
carelessness gave Black this opportunity to equalize which he should have
grabbed.} 22. Bxd5 cxd5 23. Qxf5 dxe4 24. Qxe4 Qd7 $10) (21... Nxe3 {Ambroz}
22. Qxe3 Bf6 23. d5 cxd5 24. Bxd5 $16) 22. Bc1 $16 (22. f6 {Ambroz} Nxf6 23.
Nxf6 Bxf6 24. Bxh6 gxh6 (24... Bxd4 25. Bxg7+ $1 Kxg7 26. Qg4+ Bg6 27. Rxd4 $40
) 25. Qxf6+ Qxf6 26. Rxf6 Kg7 27. Rdf1 Bg6 $10) 22... a5 23. a4 $5 (23. a3 a4
24. Ba2 Ra5) 23... f6 (23... Nf6 {Ambroz} 24. Nxf6 Bxf6 25. d5 {>< Bh7}) 24.
Ng3 (24. Nc5 {Ambroz} Bxc5 25. dxc5 Bg8 26. Bf4 Re8 $10) 24... Bg8 (24... Bb4
$142 {Ambroz} 25. Nh5 Qd7 26. Bxd5 (26. Nf4 $142 Bxf5 27. Nxd5 Bg4 28. Nb6 Bxf3
29. Nxd7 Bxd1 30. Rxd1 Rfe8 $13) 26... Qxd5 27. Qxd5 (27. Qg4 Rf7 $5 (27... Qd7
28. d5 $36)) 27... cxd5 28. g4 (28. Nf4 Bxf5 29. Nxd5 Bc2) 28... Bg8 29. Nf4
Bf7 $10) 25. Nh5 Bf7 26. Nxg7 $1 {This wins.} (26. Nf4 {Ambroz} Nxf4 27. Bxf7
Rxf7 (27... Nxg2 $2 28. Be6) 28. Bxf4 Bd6 $5 $10) 26... Kxg7 27. Qg4+ Kh8 (
27... Kh7 28. Bxh6 Rg8 (28... Kxh6 29. Rd3 Bh5 30. Rh3 Qe8 31. Bd1 $18) 29. Qh4
Qe8 30. Bxd5 cxd5 31. Bf8+ Bh5 32. Bxe7 $18) 28. Bxh6 (28. Bxd5 {Ambroz} Bxd5
$1) 28... Rg8 29. Qh4 Rg7 $8 (29... Re8 {Ambroz} 30. Rd3 $18) (29... Qe8 {
Ambroz} 30. Bxd5 cxd5 31. Bf8+ Bh5 32. Bxe7 $18) 30. Bxg7+ Kxg7 31. Rde1 $2 (
31. Rd3 $1 Bb4 32. Rf2 $18) (31. Rf3 $1 {Ambroz} Bd6 32. Qg4+ Kf8 33. Rh3 Ke7
34. Re1+ Kd7 35. Rh7 $18) 31... Bb4 $1 $8 32. Re4 (32. Qg4+ {Ambroz} Kf8 33.
Re2 $40 {/\ Qh4}) 32... Bd2 33. Rg4+ $2 (33. Qg3+ $1 Kf8 (33... Kh7 {Ambroz}
34. Qh4+ Bh6 $13) 34. Rh4 $16 (34. Qh4)) 33... Bg5 34. Qg3 (34. Rxg5+ fxg5 35.
f6+ Qxf6 $1) 34... Kf8 (34... Qh8 {Ambroz} 35. h4 $16) 35. Re1 (35. Qh3 $5 {
Ambroz} Kg7 36. Qg3 $10) 35... Qb8 36. Rxg5 $4 (36. Qxb8+ {Ambroz} Rxb8 37.
Rge4 Nc3 $5 $15) 36... fxg5 37. Qxg5 Qf4 $1 $19 38. h4 Qxg5 (38... Re8 $5 {
Ambroz}) 39. hxg5 Re8 40. Re5 (40. Rxe8+ {Ambroz} Bxe8 $19 {/\ Ne3}) 40... Ne3
41. Bxf7 Rxe5 42. dxe5 Kxf7 43. f6 (43. e6+ {Ambroz} Ke7) 43... Nc4 0-1